2000 Yankees roster - Statistics

General Stats
  • This quiz has been taken 19 times
  • The average score is 10 of 15
Answer Stats
Hint Answer % Correct
SS Derek Jeter
100%
C Jorge Posada
100%
CP Mariano Rivera
100%
CF Bernie Williams
94%
SP Andy Pettitte
88%
RF Paul O'Neill
82%
1B Tino Martinez
82%
SP David Cone
76%
SP Roger Clemens
76%
2B Chuck Knoblauch
65%
SP Orlando Hernandez
53%
SP Denny Neagle
24%
3B Scott Brosius
24%
DH Shane Spencer
24%
LF Ricky Ledee
18%
No matching quizzes found
Score Distribution
Percent of People with Each Score
Percentile by Number Answered
Your Score History
You have not taken this quiz